[Event "Oberliga Baden 1213"]
[Site "Baden"]
[Date "2012.11.11"]
[Round "2.6"]
[White "Friedel, Marcus"]
[Black "Sarchisov, Slavik"]
[Result "1-0"]
[WhiteElo "2132"]
[BlackElo "2094"]
[PlyCount "75"]
[EventDate "2012.10.14"]
[EventType "team-tourn"]
[EventRounds "9"]
[EventCountry "GER"]
[SourceTitle "EXT 2014"]
[Source "ChessBase"]
[SourceDate "2013.11.20"]
[SourceVersion "1"]
[SourceVersionDate "2013.11.20"]
[SourceQuality "1"]
[WhiteTeam "Ettlingen"]
[BlackTeam "Baden-Baden III"]
[WhiteTeamCountry "GER"]
[BlackTeamCountry "GER"]

1. e4 c5 2. c3 d5 3. exd5 Qxd5 4. d4 Nf6 5. Nf3 Nc6 6. dxc5 Qxd1+ 7. Kxd1 e5 8. b4 Bf5 9. Be3 Nd5 10. Bc4 0-0-0 11. Kc1 Be7 12. Rd1 Nxe3 13. fxe3 g5 14. Nbd2 g4 15. Ne1 Bg5 16. Nf1 Bg6 17. a3 e4 18. Be2 Ne5 19. Ra2 Rxd1+ 20. Kxd1 f5 21. Rd2 Bf7 22. Rd4 Bf6 23. Rd6 Be7 24. Rd4 Bf6 25. Rd6 Be7 26. Rd2 Nc4 27. Bxc4 Bxc4 28. Ng3 Rf8 29. Nh5 Bg5 30. Nc2 Bb3 31. Ke2 Bc4+ 32. Kf2 Bh4+ 33. g3 Bd8 34. Nd4 Bc7 35. Ng7 Be5 36. Nh5 Bf7 37. Nf4 Be8 38. Nde6 1-0

[Event "Verbandsliga Sued Baden 1011"]
[Site "Baden"]
[Date "2011.03.13"]
[Round "7.3"]
[White "Raeber, Markus"]
[Black "Sarchisov, Slavik"]
[Result "1-0"]
[WhiteElo "2196"]
[BlackElo "2086"]
[PlyCount "105"]
[EventDate "2010.10.17"]
[EventType "team-tourn"]
[EventRounds "9"]
[EventCountry "GER"]
[SourceTitle "EXT 2012"]
[Source "ChessBase"]
[SourceDate "2011.11.24"]
[SourceVersion "1"]
[SourceVersionDate "2011.11.24"]
[SourceQuality "1"]
[WhiteTeam "Zaehringen"]
[BlackTeam "Baden-Baden IV"]
[WhiteTeamCountry "GER"]
[BlackTeamCountry "GER"]

1. d4 Nf6 2. Nf3 e6 3. g3 c5 4. Bg2 cxd4 5. 0-0 d5 6. Nxd4 e5 7. Nb3 Be6 8. c4 Nc6 9. cxd5 Bxd5 10. Bxd5 Nxd5 11. a3 Be7 12. e4 Nb6 13. Qg4 h5 14. Qe2 Qc8 15. Be3 Qe6 16. N1d2 Rd8 17. Rac1 h4 18. Rfd1 hxg3 19. fxg3 0-0 20. Kg2 Nd4 21. Nxd4 exd4 22. Bf4 Nd5 23. Qf3 Ne3+ 24. Bxe3 dxe3 25. Qxe3 Bf6 26. Rc2 Rd4 27. Re1 Rfd8 28. Nf3 Rd3 29. Qf4 Bd4 30. Ree2 Bb6 31. Ng5 Qg6 32. Rcd2 Rxd2 33. Rxd2 Rxd2+ 34. Qxd2 f6 35. Qd5+ Kh8 36. Nf7+ Kh7 37. Nd6 Qh6 38. Nf5 Qc1 39. Qxb7 Qd2+ 40. Kh3 Qg5 41. Qf7 Qg6 42. Qxg6+ Kxg6 43. Kg4 Kf7 44. Nd6+ Ke6 45. Nc4 Bd4 46. b3 Bc3 47. Kf4 Bd4 48. h4 Bc3 49. g4 a5 50. g5 fxg5+ 51. Kxg5 Bd4 52. Kg6 Bc3 53. e5 1-0

[Event "GER-ch U16"]
[Site "Oberhof"]
[Date "2010.05.23"]
[Round "2"]
[White "Sarchisov, Slavik"]
[Black "Miller, Eduard"]
[Result "1/2-1/2"]
[WhiteElo "2102"]
[BlackElo "2033"]
[PlyCount "100"]
[EventDate "2010.05.22"]
[EventType "swiss"]
[EventRounds "9"]
[EventCountry "GER"]
[SourceTitle "CBM 136 Extra"]
[Source "ChessBase"]
[SourceDate "2010.07.02"]
[SourceVersion "2"]
[SourceVersionDate "2010.07.15"]
[SourceQuality "1"]

1. e4 e5 2. Nf3 d6 3. d4 exd4 4. Nxd4 Nf6 5. Nc3 Be7 6. Bc4 0-0 7. 0-0 c6 8. a4 Nxe4 9. Nxe4 d5 10. Bd3 dxe4 11. Bxe4 Bf6 12. Be3 Na6 13. c3 Nc5 14. Bxh7+ Kxh7 15. Qh5+ Kg8 16. Qxc5 Re8 17. Qh5 Re5 18. Qf3 Rd5 19. Rfd1 Bxd4 20. Rxd4 Rxd4 21. Bxd4 Qg5 22. Qe3 Qg6 23. Qe8+ Kh7 24. Qe7 Be6 25. Qh4+ Kg8 26. Re1 b6 27. f3 c5 28. Bf2 Qf5 29. Bg3 f6 30. b4 Rd8 31. Qe4 Qxe4 32. Rxe4 Kf7 33. bxc5 bxc5 34. Bf2 Rd1+ 35. Re1 Rxe1+ 36. Bxe1 a5 37. Bf2 c4 38. Bb6 Bd7 39. Bxa5 Bxa4 40. Kf2 Bc2 41. Ke3 Bd3 42. g4 f5 43. gxf5 Bxf5 44. Kf4 Bd3 45. Kg5 g6 46. f4 Bc2 47. h4 Ke6 48. Bb6 Bd3 49. Bd4 Bc2 50. Bh8 Bd3 1/2-1/2

[Event "Stuttgart-chA int"]
[Site "Ditzingen"]
[Date "2010.05.13"]
[Round "1"]
[White "Sarchisov, Slavik"]
[Black "Baumeister, Wolfgang"]
[Result "1-0"]
[WhiteElo "2102"]
[BlackElo "1881"]
[PlyCount "45"]
[EventDate "2010.05.13"]
[EventType "swiss"]
[EventRounds "7"]
[EventCountry "GER"]
[SourceTitle "EXT 2018"]
[Source "ChessBase"]
[SourceDate "2017.10.13"]
[SourceVersion "1"]
[SourceVersionDate "2017.10.13"]
[SourceQuality "1"]

1. e4 e5 2. Nf3 Nc6 3. Bc4 Bc5 4. c3 Qe7 5. 0-0 d6 6. d3 Bg4 7. Nbd2 Nf6 8. Re1 0-0 9. Nf1 h6 10. Ng3 a6 11. Bb3 Nd8 12. h3 Be6 13. Bc2 Ba7 14. d4 Bd7 15. Nh4 Kh7 16. Nhf5 Qe8 17. Qf3 Ng8 18. dxe5 dxe5 19. b3 g6 20. Ne3 f6 21. Ba3 Rf7 22. Nd5 c6 23. Nc7 1-0

[Event "GER-chT U16"]
[Site "Verden an der Aller"]
[Date "2009.12.29"]
[Round "5.2"]
[White "Sarchisov, Slavik"]
[Black "Thumulka, Patrick"]
[Result "1-0"]
[WhiteElo "2115"]
[BlackElo "1892"]
[PlyCount "82"]
[EventDate "2009.12.27"]
[EventType "team-swiss"]
[EventRounds "7"]
[EventCountry "GER"]
[SourceTitle "EXT 2022"]
[Source "ChessBase"]
[SourceDate "2021.10.06"]
[SourceVersion "1"]
[SourceVersionDate "2021.10.06"]
[SourceQuality "1"]
[WhiteTeam "Baden-Baden U16"]
[BlackTeam "Oesede Georgsmarienhuette U16"]
[WhiteTeamCountry "GER"]
[BlackTeamCountry "GER"]

1. e4 e6 2. d4 d5 3. Nc3 Nf6 4. e5 Nfd7 5. f4 c5 6. Nf3 Nc6 7. Be3 cxd4 8. Nxd4 Bc5 9. Qd2 0-0 10. 0-0-0 a6 11. Qf2 Nxd4 12. Bxd4 Bxd4 13. Qxd4 b5 14. Bd3 Qb6 15. Ne2 Qxd4 16. Nxd4 Nc5 17. Rhe1 Bd7 18. Re3 Nxd3+ 19. Rdxd3 Rfc8 20. Rc3 Kf8 21. Rxc8+ Rxc8 22. b3 Ke7 23. Kb2 Kd8 24. Rg3 g6 25. Rh3 h5 26. Rc3 Rxc3 27. Kxc3 Kc7 28. b4 Kb6 29. Nf3 Kc6 30. Kd4 Be8 31. Ng5 Kb6 32. Nh7 Kc7 33. Kc5 Bc6 34. g3 Be8 35. Nf6 Bc6 36. c3 Bb7 37. Ne8+ Kd7 38. Nd6 Bc8 39. Nxf7 Ke7 40. Nh8 Bd7 41. Nxg6+ Kf7 1-0

[Event "GER-chT U16"]
[Site "Verden an der Aller"]
[Date "2009.12.27"]
[Round "2.2"]
[White "Mundorf, Johannes"]
[Black "Sarchisov, Slavik"]
[Result "1-0"]
[WhiteElo "1858"]
[BlackElo "2115"]
[PlyCount "103"]
[EventDate "2009.12.27"]
[EventType "team-swiss"]
[EventRounds "7"]
[EventCountry "GER"]
[SourceTitle "EXT 2022"]
[Source "ChessBase"]
[SourceDate "2021.10.06"]
[SourceVersion "1"]
[SourceVersionDate "2021.10.06"]
[SourceQuality "1"]
[WhiteTeam "Muelheim Nord U16"]
[BlackTeam "Baden-Baden U16"]
[WhiteTeamCountry "GER"]
[BlackTeamCountry "GER"]

1. d4 d6 2. Nf3 Nf6 3. c4 g6 4. g3 Bg7 5. Bg2 0-0 6. 0-0 Nbd7 7. Qc2 e5 8. Rd1 Qe7 9. Nc3 Re8 10. e4 exd4 11. Nxd4 Nc5 12. f3 c6 13. Bf4 Rd8 14. Rd2 h6 15. Rad1 g5 16. Nxc6 bxc6 17. Bxd6 Rxd6 18. Rxd6 Bb7 19. Qf2 Ncd7 20. f4 gxf4 21. gxf4 Nf8 22. e5 Ne8 23. Bxc6 Bxc6 24. Rxc6 Qb7 25. Rc5 Rc8 26. b3 Rxc5 27. Qxc5 Qf3 28. Qd4 Ne6 29. Qd3 Qxf4 30. Qg3 Qxg3+ 31. hxg3 Bxe5 32. Ne2 N8c7 33. Kg2 Kf8 34. Rh1 Bg7 35. Nf4 Nxf4+ 36. gxf4 Ke7 37. Kf3 Kd6 38. Rh5 Kc6 39. Rf5 f6 40. Kg4 Ne6 41. Ra5 Kb6 42. Rd5 Kc7 43. Kf5 Nf8 44. Rd1 h5 45. Rh1 Kd6 46. Rxh5 Kc5 47. Rh1 Kb4 48. Rd1 Bh6 49. Rd5 a6 50. Rd6 Bg7 51. Rxa6 Kc5 52. a4 1-0

[Event "Wasselonne op"]
[Site "Wasselonne"]
[Date "2009.08.07"]
[Round "2"]
[White "Sarchisov, Slavik"]
[Black "Deldo, Damien"]
[Result "1-0"]
[WhiteElo "2085"]
[BlackElo "1840"]
[PlyCount "53"]
[EventDate "2009.08.06"]
[EventType "swiss"]
[EventRounds "7"]
[EventCountry "FRA"]
[SourceTitle "EXT 2011"]
[Source "ChessBase"]
[SourceDate "2010.11.26"]
[SourceVersion "1"]
[SourceVersionDate "2010.11.26"]
[SourceQuality "1"]

1. e4 c5 2. Nf3 e6 3. d4 cxd4 4. Nxd4 Nc6 5. Nc3 Qc7 6. Nb3 a6 7. Bd3 Nf6 8. 0-0 b5 9. a3 Bb7 10. f4 d6 11. Qf3 Be7 12. Be3 Nd7 13. Qh3 Nc5 14. f5 Nxd3 15. cxd3 Qd7 16. d4 Bf6 17. d5 Nd8 18. Rad1 Rc8 19. dxe6 fxe6 20. Nc5 Qe7 21. Nxb7 Qxb7 22. fxe6 Bxc3 23. bxc3 Qxe4 24. Bd4 Qg6 25. e7 Ne6 26. Rde1 Kd7 27. Bxg7 1-0

[Event "Wasselonne op"]
[Site "Wasselonne"]
[Date "2009.08.06"]
[Round "1"]
[White "Mathiot, Jean Marc"]
[Black "Sarchisov, Slavik"]
[Result "0-1"]
[WhiteElo "1720"]
[BlackElo "2085"]
[PlyCount "67"]
[EventDate "2009.08.06"]
[EventType "swiss"]
[EventRounds "7"]
[EventCountry "FRA"]
[SourceTitle "EXT 2011"]
[Source "ChessBase"]
[SourceDate "2010.11.26"]
[SourceVersion "1"]
[SourceVersionDate "2010.11.26"]
[SourceQuality "1"]

1. e4 c5 2. Nf3 d6 3. Bc4 Nc6 4. c3 Nf6 5. d3 g6 6. Bb3 Bg7 7. 0-0 0-0 8. h3 e5 9. Be3 h6 10. Re1 Re8 11. Qd2 g5 12. h4 g4 13. Nh2 Nh7 14. g3 Qf6 15. Rf1 Qg6 16. Na3 Rf8 17. Rac1 Kh8 18. Nb5 Rb8 19. Nc7 f5 20. exf5 Bxf5 21. Bc2 Nf6 22. Nb5 Nd5 23. d4 cxd4 24. cxd4 a6 25. Bxf5 Rxf5 26. Nc3 Nxe3 27. fxe3 exd4 28. exd4 Bxd4+ 29. Kh1 Rbf8 30. Ne2 Rxf1+ 31. Rxf1 Qe4+ 32. Nf3 Rxf3 33. Qxh6+ Kg8 34. Qg5+ 0-1

[Event "GER-ch U14"]
[Site "Willingen"]
[Date "2009.06.02"]
[Round "4"]
[White "Sarchisov, Slavik"]
[Black "Carow, Johannes"]
[Result "0-1"]
[WhiteElo "2058"]
[BlackElo "1805"]
[PlyCount "114"]
[EventDate "2009.05.30"]
[EventType "swiss"]
[EventRounds "9"]
[EventCountry "GER"]
[SourceTitle "EXT 2010"]
[Source "ChessBase"]
[SourceDate "2010.11.25"]
[SourceVersion "1"]
[SourceVersionDate "2010.11.25"]
[SourceQuality "1"]

1. e4 c5 2. Nf3 Nc6 3. d4 cxd4 4. Nxd4 Nf6 5. Nc3 e5 6. Ndb5 d6 7. Bg5 a6 8. Na3 b5 9. Bxf6 gxf6 10. Nd5 f5 11. Bd3 Be6 12. 0-0 Bxd5 13. exd5 Ne7 14. Re1 Bg7 15. c3 0-0 16. Qh5 e4 17. Bf1 Re8 18. Nc2 Ng6 19. Nb4 Qf6 20. Nc6 Nf4 21. Qd1 Qg5 22. Kh1 Be5 23. Qd2 Qg6 24. a4 bxa4 25. Rxa4 Kh8 26. Re3 Nh5 27. Re1 Nf4 28. Nxe5 dxe5 29. Re3 Qd6 30. c4 Qc5 31. Rea3 Qd4 32. Qe3 Qxb2 33. g3 Ng6 34. c5 f4 35. Qe2 Qc1 36. Qc4 Qe1 37. c6 f3 38. Ra2 Rab8 39. Ra1 Qxf2 40. R4a2 Rb2 41. Rxb2 Qxb2 42. Re1 Qd2 43. Qxe4 f5 44. Qc4 Qxe1 45. d6 Nf8 46. c7 Rc8 47. Qxa6 Kg7 48. Kg1 Qe3+ 49. Kh1 Qf2 50. Qa1 Nd7 51. Qc1 h6 52. Bh3 e4 53. Qc3+ Kg6 54. Qa5 Ne5 55. d7 Rxc7 56. Qa6+ Rc6 57. Qa1 Nxd7 0-1

[Event "GER-ch U14"]
[Site "Willingen"]
[Date "2009.06.01"]
[Round "3"]
[White "Sarchisov, Slavik"]
[Black "Hampel, Felix"]
[Result "0-1"]
[WhiteElo "2058"]
[BlackElo "1976"]
[PlyCount "170"]
[EventDate "2009.05.30"]
[EventType "swiss"]
[EventRounds "9"]
[EventCountry "GER"]
[SourceTitle "EXT 2010"]
[Source "ChessBase"]
[SourceDate "2010.11.25"]
[SourceVersion "1"]
[SourceVersionDate "2010.11.25"]
[SourceQuality "1"]

1. e4 c5 2. Nf3 e6 3. d4 cxd4 4. Nxd4 Nc6 5. Nb5 d6 6. c4 Nf6 7. N1c3 a6 8. Na3 b6 9. Be2 Be7 10. 0-0 Bb7 11. Be3 0-0 12. f3 Re8 13. Qd2 d5 14. cxd5 exd5 15. exd5 Nb4 16. Kh1 Nbxd5 17. Nxd5 Nxd5 18. Bd4 Bb4 19. Qd1 Nf4 20. Bc4 b5 21. Bxf7+ Kxf7 22. Qb3+ Nd5 23. Nc2 Ba5 24. Ne3 Bc7 25. f4 Kf8 26. Rad1 Rxe3 27. Bxe3 Qd7 28. Rfe1 Qf7 29. Bc5+ Kg8 30. Rf1 Rd8 31. a4 Bc6 32. axb5 axb5 33. Ra1 Qg6 34. Qg3 Nxf4 35. Qxg6 hxg6 36. Kg1 Rd2 37. Rf2 Rxf2 38. Bxf2 Be5 39. Ra6 Bd5 40. Rb6 Bc4 41. b3 Bd3 42. Bc5 Ne2+ 43. Kf2 Nc3 44. Ke3 Bc2 45. Re6 Bf6 46. b4 Bb3 47. Ra6 Nd5+ 48. Ke4 Bc3 49. Ra8+ Kh7 50. Rb8 Bc4 51. Rc8 Nxb4 52. Bd6 Na2 53. Ba3 Be6 54. Re8 Bg8 55. Rd8 b4 56. Rd3 Bc4 57. Rh3+ Kg8 58. Bxb4 Bxb4 59. Re3 Bf7 60. Rd3 Nc3+ 61. Kf4 Nd5+ 62. Kf3 Kf8 63. Rb3 Ke7 64. Rb1 Kf6 65. Ra1 Bc3 66. Ra6+ Be6 67. Rc6 Be5 68. h3 Ne7 69. Ra6 Nf5 70. Ke2 Nd6 71. Ra5 Bc4+ 72. Kf3 Bb5 73. Ra2 Bc6+ 74. Ke3 Bd5 75. Rf2+ Nf5+ 76. Kd3 Bg3 77. Rb2 Nh4 78. Rb6+ Kf7 79. Ra6 Bxg2 80. Ra3 Bxh3 81. Ke4 Bg2+ 82. Kd4 Nf5+ 83. Kd3 g5 84. Ra2 Bd5 85. Ra5 Ke6 0-1

[Event "Oberliga Baden 0809"]
[Site "Germany"]
[Date "2009.03.29"]
[Round "9.7"]
[White "Eisenbeiser, Karlheinz"]
[Black "Sarchisov, Slavik"]
[Result "1/2-1/2"]
[WhiteElo "2053"]
[BlackElo "2019"]
[PlyCount "73"]
[EventDate "2008.10.05"]
[EventType "team-tourn"]
[EventRounds "9"]
[EventCountry "GER"]
[SourceTitle "EXT 2010"]
[Source "ChessBase"]
[SourceDate "2010.11.25"]
[SourceVersion "1"]
[SourceVersionDate "2010.11.25"]
[SourceQuality "1"]
[WhiteTeam "Buchen"]
[BlackTeam "Baden-Baden III"]
[WhiteTeamCountry "GER"]
[BlackTeamCountry "GER"]

1. e4 c5 2. c3 d5 3. exd5 Qxd5 4. d4 Nf6 5. Nf3 Nc6 6. Be3 cxd4 7. cxd4 e6 8. Nc3 Qd6 9. Bd3 g6 10. 0-0 Bg7 11. Qd2 0-0 12. Rad1 Rd8 13. h3 b6 14. Nb5 Qe7 15. Ne5 Bd7 16. Nc3 Nb4 17. Bb1 Nbd5 18. Bg5 Nxc3 19. bxc3 Qf8 20. Ng4 Nxg4 21. Bxd8 Qxd8 22. hxg4 Rc8 23. g5 Qc7 24. Rc1 Bf8 25. Be4 Ba3 26. d5 Bxc1 27. Rxc1 exd5 28. Bxd5 Bc6 29. Bb3 Re8 30. Re1 Rxe1+ 31. Qxe1 Kf8 32. Qe3 Qd6 33. Qh3 Qf4 34. Qxh7 Qc1+ 35. Kh2 Qf4+ 36. Kg1 Qc1+ 37. Kh2 1/2-1/2

[Event "GER-chT Lands U20"]
[Site "Dresden"]
[Date "2008.11.17"]
[Round "6.5"]
[White "Sarchisov, Slavik"]
[Black "Bluebaum, Johanna"]
[Result "0-1"]
[WhiteElo "2016"]
[BlackElo "1985"]
[PlyCount "44"]
[EventDate "2008.11.14"]
[EventType "team-swiss"]
[EventRounds "7"]
[EventCountry "GER"]
[SourceTitle "EXT 2010"]
[Source "ChessBase"]
[SourceDate "2010.11.25"]
[SourceVersion "1"]
[SourceVersionDate "2010.11.25"]
[SourceQuality "1"]
[WhiteTeam "Baden"]
[BlackTeam "Nordrhein Westfalen"]
[WhiteTeamCountry "GER"]
[BlackTeamCountry "GER"]

1. e4 e6 2. d4 d5 3. Nc3 Nf6 4. e5 Nfd7 5. f4 c5 6. Nf3 Nc6 7. Be3 Be7 8. Qd2 0-0 9. 0-0-0 c4 10. g4 b5 11. f5 b4 12. Ne2 Qa5 13. Kb1 c3 14. Qe1 cxb2 15. Nf4 Nb6 16. f6 Na4 17. c4 Nc3+ 18. Kc2 Qa4+ 19. Kd2 Nxd1 20. Bd3 Qxa2 21. Bb1 Qxb1 22. Ne2 dxc4 0-1

[Event "GER-chT Lands U20"]
[Site "Dresden"]
[Date "2008.11.16"]
[Round "5.4"]
[White "Sarchisov, Slavik"]
[Black "Giss, Helene"]
[Result "1/2-1/2"]
[WhiteElo "2016"]
[BlackElo "2012"]
[PlyCount "100"]
[EventDate "2008.11.14"]
[EventType "team-swiss"]
[EventRounds "7"]
[EventCountry "GER"]
[SourceTitle "EXT 2010"]
[Source "ChessBase"]
[SourceDate "2010.11.25"]
[SourceVersion "1"]
[SourceVersionDate "2010.11.25"]
[SourceQuality "1"]
[WhiteTeam "Baden"]
[BlackTeam "Bayern Muenchen"]
[WhiteTeamCountry "GER"]
[BlackTeamCountry "GER"]

1. e4 e6 2. d4 d5 3. Nc3 dxe4 4. Nxe4 Nd7 5. Ne2 Ngf6 6. N2g3 Be7 7. Bc4 0-0 8. 0-0 Nxe4 9. Nxe4 Nf6 10. Nxf6+ Bxf6 11. c3 a6 12. Qf3 Rb8 13. Bf4 Bg5 14. Be5 Bf6 15. Qg3 Bxe5 16. Qxe5 b5 17. Bd3 Qd6 18. Rfe1 Bb7 19. Re3 g6 20. Bf1 Rfd8 21. a3 Qxe5 22. Rxe5 Bd5 23. b4 c6 24. a4 Ra8 25. a5 f6 26. Re3 Kf7 27. Rae1 Re8 28. g3 Ra7 29. f4 h5 30. Bg2 Raa8 31. Bh3 Rad8 32. Bg2 Ra8 33. Kf2 Rad8 34. Bf3 Bxf3 35. Kxf3 Rd6 36. h3 Rh8 37. Ke2 Ke7 38. Kd3 Kf7 39. R1e2 Rhd8 40. Re1 Rh8 41. Ke2 Rdd8 42. Kf3 Rd6 43. Kg2 Re8 44. g4 Rd5 45. Kg3 g5 46. f5 h4+ 47. Kf3 e5 48. R1e2 Kg7 49. Kf2 Kf7 50. Re4 Kg7 1/2-1/2

[Event "Oberliga Baden 0809"]
[Site "Germany"]
[Date "2008.10.05"]
[Round "1.7"]
[White "Sarchisov, Slavik"]
[Black "Stock, Michael"]
[Result "1-0"]
[WhiteElo "2019"]
[BlackElo "2274"]
[PlyCount "103"]
[EventDate "2008.10.05"]
[EventType "team-tourn"]
[EventRounds "9"]
[EventCountry "GER"]
[SourceTitle "EXT 2010"]
[Source "ChessBase"]
[SourceDate "2010.11.25"]
[SourceVersion "1"]
[SourceVersionDate "2010.11.25"]
[SourceQuality "1"]
[WhiteTeam "Baden-Baden III"]
[BlackTeam "Wiehre"]
[WhiteTeamCountry "GER"]
[BlackTeamCountry "GER"]

1. e4 c6 2. d4 d5 3. Nc3 dxe4 4. Nxe4 Nd7 5. Bc4 Ngf6 6. Ng5 e6 7. Qe2 Nb6 8. Bd3 h6 9. N5f3 Bd6 10. Ne5 Nbd5 11. a3 0-0 12. c4 Ne7 13. Ngf3 b5 14. c5 Bc7 15. 0-0 Bb7 16. Bd2 Ned5 17. Rae1 a5 18. b3 a4 19. b4 Qe7 20. Bb1 Rfe8 21. Qd3 Qf8 22. Nh4 g5 23. Nhf3 Qg7 24. g3 Rad8 25. Qe2 Ne7 26. Bc3 Nfd5 27. Bb2 Nf6 28. h4 g4 29. Nh2 h5 30. Kg2 Nf5 31. Rd1 Nd5 32. Qe4 Nf6 33. Qe1 Nd5 34. Kh1 Bxe5 35. dxe5 Nde7 36. Qe4 Ng6 37. Kg2 Rd5 38. Rde1 Red8 39. Re2 Rd2 40. Rfe1 R2d5 41. Kh1 R8d7 42. Nf1 Nge7 43. Ne3 Rd2 44. Kg2 Kf8 45. Rxd2 Rxd2 46. Bc3 Rd8 47. Nf1 Qh6 48. Qe2 Qg7 49. Bb2 Ke8 50. Rd1 Nd5 51. Kh2 Rd7 52. Bxf5 1-0

[Event "GER-ch Net final U14"]
[Site "Playchess.com INT"]
[Date "2008.06.15"]
[Round "9"]
[White "Sarchisov, Slavik"]
[Black "Moehn, Hans"]
[Result "0-1"]
[WhiteElo "1969"]
[BlackElo "1825"]
[PlyCount "122"]
[EventDate "2008.06.15"]
[EventType "swiss (blitz)"]
[EventRounds "9"]
[EventCountry "GER"]
[SourceTitle "CBM 124 Extra"]
[Source "ChessBase"]
[SourceDate "2008.07.03"]
[SourceVersion "1"]
[SourceVersionDate "2008.07.03"]
[SourceQuality "1"]

1. e4 c5 2. Nf3 a6 3. Nc3 e6 4. d4 b5 5. dxc5 Bxc5 6. e5 Bb7 7. Bd3 f5 8. exf6 Nxf6 9. 0-0 0-0 10. Bg5 Qe8 11. Qe2 Qh5 12. Bxf6 Rxf6 13. Ne4 Bxe4 14. Qxe4 d5 15. Qe2 Rh6 16. h3 Nc6 17. Rae1 Rf8 18. Ne5 Nxe5 19. Qxe5 Qxe5 20. Rxe5 Bd4 21. Ree1 Bxb2 22. Rb1 Be5 23. a4 bxa4 24. Rb6 a3 25. Rxa6 Bb2 26. c4 d4 27. c5 e5 28. c6 Rc8 29. Be4 Kf8 30. g3 Rd6 31. Rd1 h6 32. Kg2 g5 33. Kf3 Rf6+ 34. Ke2 Ke8 35. Rf1 Kd8 36. Kd3 Kc7 37. Ra7+ Kb6 38. Rb7+ Ka6 39. f3 Rfxc6 40. Bxc6 Rxc6 41. Rb3 Rc3+ 42. Rxc3 dxc3 43. Kc2 a2 44. Rd1 a1Q 45. Rxa1+ Bxa1 46. Kb1 Bb2 47. Kc2 Kb6 48. Kb3 Kc5 49. Kc2 Kd4 50. h4 gxh4 51. gxh4 Ke3 52. h5 Kxf3 53. Kd3 e4+ 54. Kc2 e3 55. Kd3 e2 56. Kc2 e1Q 57. Kd3 Qd1+ 58. Kc4 c2 59. Kb4 c1Q 60. Ka5 Qd5+ 61. Ka4 Qcc4# 0-1

[Event "GER-ch Net final U14"]
[Site "Playchess.com INT"]
[Date "2008.06.15"]
[Round "4"]
[White "Schulz, Anja2"]
[Black "Sarchisov, Slavik"]
[Result "0-1"]
[WhiteElo "1863"]
[BlackElo "1969"]
[PlyCount "72"]
[EventDate "2008.06.15"]
[EventType "swiss (blitz)"]
[EventRounds "9"]
[EventCountry "GER"]
[SourceTitle "CBM 124 Extra"]
[Source "ChessBase"]
[SourceDate "2008.07.03"]
[SourceVersion "1"]
[SourceVersionDate "2008.07.03"]
[SourceQuality "1"]

1. e4 c5 2. Nf3 d6 3. d4 cxd4 4. Nxd4 Nf6 5. Nc3 a6 6. Be3 e5 7. Nb3 Be6 8. f3 h5 9. Qd2 Nbd7 10. Qf2 Rc8 11. 0-0-0 b5 12. Kb1 Qc7 13. Nd5 Bxd5 14. exd5 g6 15. f4 Bh6 16. c3 exf4 17. Bxf4 Bxf4 18. Qxf4 0-0 19. h3 Rce8 20. Bd3 Nxd5 21. Qf3 Ne3 22. Rde1 Nc4 23. g4 Nde5 24. Qg3 h4 25. Qxh4 Nxd3 26. Ref1 Re2 27. Qg3 Rxb2+ 28. Ka1 Nce5 29. Rc1 Nxc1 30. Kxb2 Nxb3 31. axb3 Re8 32. h4 Qc6 33. Rd1 Qe4 34. Rxd6 Qe2+ 35. Ka3 Qc2 36. Rxa6 Nd3 0-1

[Event "GER-ch Net qual3 U14"]
[Site "Playchess.com INT"]
[Date "2008.06.08"]
[Round "7"]
[White "Sarchisov, Slavik"]
[Black "Zier, Oliver"]
[Result "1-0"]
[WhiteElo "1969"]
[BlackElo "1941"]
[PlyCount "119"]
[EventDate "2008.06.08"]
[EventType "swiss (blitz)"]
[EventRounds "7"]
[EventCountry "GER"]
[SourceTitle "CBM 124 Extra"]
[Source "ChessBase"]
[SourceDate "2008.07.03"]
[SourceVersion "1"]
[SourceVersionDate "2008.07.03"]
[SourceQuality "1"]

1. e4 e6 2. d4 d5 3. Nc3 Nf6 4. e5 Nfd7 5. f4 c5 6. Nf3 Nc6 7. Be3 cxd4 8. Nxd4 Be7 9. Qf3 0-0 10. 0-0-0 a6 11. Bd3 b5 12. Nxc6 Qe8 13. Nxe7+ Qxe7 14. Qh3 g6 15. Qf3 Nc5 16. h4 b4 17. Ne2 a5 18. h5 Nxd3+ 19. Rxd3 a4 20. hxg6 fxg6 21. Nd4 Ba6 22. Rd2 Rfc8 23. Qh3 b3 24. a3 bxc2 25. Qxe6+ Qxe6 26. Nxe6 Rc4 27. Rxc2 Rac8 28. Rxc4 Rxc4+ 29. Kd2 Rc6 30. Nd4 Rb6 31. Rb1 Bc4 32. Nc2 Rb3 33. Nb4 Kf7 34. Bd4 Rg3 35. Rg1 Ke6 36. Bf2 Rb3 37. Kc2 Kf5 38. Re1 Kxf4 39. e6 d4 40. e7 d3+ 41. Kb1 Bb5 42. e8Q Bxe8 43. Rxe8 d2 44. Rd8 Kg4 45. Rxd2 h5 46. Rd3 Rxd3 47. Nxd3 h4 48. b4 g5 49. b5 h3 50. gxh3+ Kxh3 51. b6 g4 52. b7 g3 53. Bxg3 Kxg3 54. b8Q+ Kh3 55. Qf4 Kg2 56. Ne1+ Kh1 57. Qh4+ Kg1 58. Qg3+ Kf1 59. Qf3+ Kg1 60. Qg2# 1-0

[Event "GER-ch U14"]
[Site "Willingen"]
[Date "2008.05.11"]
[Round "7"]
[White "Mons, Leon"]
[Black "Sarchisov, Slavik"]
[Result "1-0"]
[WhiteElo "2063"]
[BlackElo "1982"]
[PlyCount "129"]
[EventDate "2008.05.11"]
[EventType "swiss"]
[EventRounds "9"]
[EventCountry "GER"]
[SourceTitle "CBM 124 Extra"]
[Source "ChessBase"]
[SourceDate "2008.07.03"]
[SourceVersion "1"]
[SourceVersionDate "2008.07.03"]
[SourceQuality "1"]

1. e4 d6 2. d4 Nf6 3. Nc3 g6 4. g3 Bg7 5. Bg2 0-0 6. Nge2 e5 7. h3 c6 8. Be3 Qc7 9. 0-0 Nbd7 10. a4 exd4 11. Nxd4 Re8 12. Qd2 Nc5 13. f3 Qe7 14. Bf2 h5 15. Rad1 Rf8 16. Rfe1 Ne8 17. f4 Ne6 18. b3 Qc7 19. Kh2 Kh7 20. Nb1 Bd7 21. Na3 b6 22. Nc4 Rd8 23. Na3 a6 24. Nc4 c5 25. Nxe6 Bxe6 26. Ne3 Nf6 27. c4 Rfe8 28. Nc2 Ng8 29. Re3 Ne7 30. Rd3 Nc8 31. Ne3 Qb8 32. e5 Bf8 33. Bc6 Re7 34. exd6 Ra7 35. a5 Rxd6 36. axb6 Qxb6 37. Ba4 Rxd3 38. Qxd3 Ne7 39. Nd5 Nxd5 40. cxd5 Bf5 41. Qd2 Bd7 42. d6 Bxa4 43. bxa4 Rd7 44. Qa2 Kg7 45. Rd5 Qc6 46. Bxc5 Rb7 47. Qd2 Rd7 48. a5 Kg8 49. h4 Qa4 50. Bb6 Qe4 51. Bc7 Bg7 52. Rd3 Kh7 53. Re3 Qf5 54. Qd3 Qxd3 55. Rxd3 Bf8 56. Bb8 Kg7 57. Rb3 Kf6 58. Rb6 Ke6 59. Rxa6 Bxd6 60. Bxd6 Rxd6 61. Rxd6+ Kxd6 62. Kg2 Kc5 63. Kf3 Kb5 64. Ke4 Kxa5 65. Ke5 1-0